000 00239nam a2200097Ia 4500
008 240331s9999 xx 000 0 und d
082 _bCAL
100 _aGovt. Translation Dep. ed
245 0 _a Kalai chotcalporiliyat chottroguthi
942 _cL
999 _c5407
_d5407